IVE In Every MV - Statistics

General Stats
  • This quiz has been taken 125 times
  • The average score is 12 of 17
Answer Stats
Picture Answer % Correct
I AM
94%
Love Dive
91%
Eleven
90%
After Like
88%
HEYA
85%
Kitsch
85%
Baddie
84%
Rebel Heart
81%
Accendio
78%
All Night (with Saweetie)
74%
I WANT
62%
WAVE
61%
Supernova Love
60%
CRUSH
53%
Off The Record
53%
Either Way
52%
Summer Festa
46%
No matching quizzes found
Score Distribution
Percent of People with Each Score
Percentile by Number Answered
Your Score History
You have not taken this quiz